American Comedians Picture Quiz - Statistics

General Stats
  • This quiz has been taken 531 times
  • The average score is 12 of 16
Answer Stats
Picture Hint Answer % Correct
2012 Ellen DeGeneres
96%
2023 Adam Sandler
92%
2001 Whoopi Goldberg
89%
2015 Eddie Murphy
87%
2011 Will Ferrell
86%
2016 Bill Murray
77%
2014 Jay Leno
76%
2005 Steve Martin
76%
2010 Tina Fey
72%
2017 David Letterman
68%
2019 Dave Chappelle
67%
1998 Richard Pryor
59%
2007 Billy Crystal
58%
2018 Julia-Louis Dreyfus
55%
2008 George Carlin
48%
2022 Jon Stewart
44%
No matching quizzes found
Score Distribution
Percent of People with Each Score
Percentile by Number Answered
Your Score History
You have not taken this quiz